| Tag |
First Indicator |
Second Indicator |
Subfields |
| LEADER |
00000cam a2200000 a 4500 |
| 001 |
in00000763546 |
| 005 |
20151016171209.0 |
| 008 |
871123s1988 nyua b 001 0 eng |
| 010 |
|
|
|a 87034067
|
| 015 |
|
|
|a GB89-19578
|
| 019 |
|
|
|a 19124788
|
| 020 |
|
|
|a 047182819X
|
| 020 |
|
|
|a 9780471828198
|
| 035 |
|
|
|a (OCoLC)ocm17200031
|
| 035 |
|
|
|a (OCoLC)17200031
|z (OCoLC)19124788
|
| 040 |
|
|
|a DLC
|b eng
|c DLC
|d FPU
|d UKM
|d MUQ
|d NLGGC
|d BAKER
|d YDXCP
|d WY@
|d ZWZ
|d OCLCQ
|d MCW
|d GBVCP
|d UtOrBLW
|
| 049 |
|
|
|a TXAM
|
| 050 |
0 |
0 |
|a QA402.5
|b .N453 1988
|
| 082 |
0 |
4 |
|a 519.7/7
|2 19
|
| 084 |
|
|
|a 31.80
|2 bcl
|
| 084 |
|
|
|a *90C10
|2 msc
|
| 084 |
|
|
|a 05B35
|2 msc
|
| 084 |
|
|
|a 05C70
|2 msc
|
| 084 |
|
|
|a 31.12
|2 bcl
|
| 084 |
|
|
|a 31.70
|2 bcl
|
| 084 |
|
|
|a 52Bxx
|2 msc
|
| 084 |
|
|
|a 54.51
|2 bcl
|
| 084 |
|
|
|a 68Q25
|2 msc
|
| 084 |
|
|
|a 85.03
|2 bcl
|
| 084 |
|
|
|a 90-01
|2 msc
|
| 084 |
|
|
|a 90B10
|2 msc
|
| 084 |
|
|
|a 90C05
|2 msc
|
| 084 |
|
|
|a 90C27
|2 msc
|
| 084 |
|
|
|a 90C35
|2 msc
|
| 100 |
1 |
|
|a Nemhauser, George L.
|
| 245 |
1 |
0 |
|a Integer and combinatorial optimization /
|c George L. Nemhauser, Laurence A. Wolsey.
|
| 264 |
|
1 |
|a New York :
|b Wiley,
|c [1988]
|
| 264 |
|
4 |
|c ©1988
|
| 300 |
|
|
|a xiv, 763 pages :
|b illustrations ;
|c 26 cm.
|
| 336 |
|
|
|a text
|b txt
|2 rdacontent
|
| 337 |
|
|
|a unmediated
|b n
|2 rdamedia
|
| 338 |
|
|
|a volume
|b nc
|2 rdacarrier
|
| 490 |
1 |
|
|a Wiley-Interscience series in discrete mathematics and optimization
|
| 500 |
|
|
|a "A Wiley-Interscience publication."
|
| 504 |
|
|
|a Includes bibliographical references (pages 721-747) and indexes.
|
| 520 |
3 |
|
|a "A unifying approach to optimization problems is to formulate them like linear programming problems, while restricting some or all of the variables to the integers. This book is an encyclopedic resource for such formulations, as well as for understanding the structure of and solving the resulting integer programming problems." --Computing Reviews.
|
| 505 |
0 |
|
|a pt. I. Foundations. The scope of integer and combinatorial optimization -- Linear programming -- Graphs and networks -- Polyhedral theory -- Computational complexity -- Polynomial-time algorithms for linear programming -- Integer lattices -- pt. II. General integer programming. The theory of valid inequalities -- Strong valid inequalities and facets for structured integer programs -- Duality and relaxation -- General algorithms -- Special-purpose algorithms -- Applications of special-purpose algorithms -- pt. III. Combinatorial optimization. Integral polyhedra -- Matching -- Matroid and submodular function optimization.
|
| 650 |
|
0 |
|a Mathematical optimization.
|
| 650 |
|
0 |
|a Integer programming.
|
| 650 |
|
0 |
|a Combinatorial optimization.
|
| 650 |
|
4 |
|a optimisation mathématique.
|
| 650 |
|
4 |
|a optimisation discrète.
|
| 650 |
|
4 |
|a programmation en nombres entiers.
|
| 650 |
|
4 |
|a optimisation combinatoire.
|
| 650 |
|
6 |
|a Optimisation mathématique.
|
| 650 |
|
6 |
|a Programmation en nombres entiers.
|
| 650 |
|
6 |
|a Optimisation combinatoire.
|
| 650 |
1 |
7 |
|a Optimaliseren.
|2 gtt
|
| 650 |
|
7 |
|a Optimisation mathématique.
|2 ram
|
| 650 |
|
7 |
|a Programmation en nombres entiers.
|2 ram
|
| 653 |
|
|
|a Mathematics
|a Combinatorial optimisation
|
| 700 |
1 |
|
|a Wolsey, Laurence A.
|
| 776 |
0 |
8 |
|i Online version:
|a Nemhauser, George L.
|t Integer and combinatorial optimization.
|d New York : Wiley, c1988
|w (OCoLC)676858549
|
| 830 |
|
0 |
|a Wiley-Interscience series in discrete mathematics and optimization.
|
| 856 |
4 |
2 |
|y Inhaltsverzeichnis
|u http://www.gbv.de/dms/bowker/toc/9780471828198.pdf
|m V:DE-601;Bowker
|3 Inhaltsverzeichnis
|t 0
|
| 856 |
4 |
2 |
|y Zentralblatt MATH
|u http://www.zentralblatt-math.org/zmath/en/search/?an=0652.90067
|m V:DE-601;ZBM
|3 Inhaltstext
|t 0
|
| 994 |
|
|
|a C0
|b TXA
|
| 999 |
|
|
|a MARS
|
| 999 |
f |
f |
|s c0c8aa8d-dd04-3b35-8c01-bd9081ff2305
|i 53c670f4-9446-3335-9005-6cbca4d442fa
|t 0
|
| 952 |
f |
f |
|p normal
|a Texas A&M University
|b College Station
|c Sterling C. Evans Library
|s Evans stk
|d Evans: Library Stacks
|t 0
|e QA402.5 .N453 1988
|h Library of Congress classification
|i unmediated -- volume
|m A14811166688
|
| 998 |
f |
f |
|a QA402.5 .N453 1988
|t 0
|l Evans: Library Stacks
|